00654nam a22001817a 450000500170000001000150001702000300003203500140006203700090007608200080008510000230009324501590011626000570027527000850033230000200041770000190043770000160045620211230155325.0 aENG-130812 a978-93-89811-60-5c280.00 aEN-114344 bDBAD a510 aAgarwal, Ravi Kant aMathematics and Pedagogy (Class VI-VIII):cRavi Kant Agarwal, Deepak Pandey, Om PrakashbCTET/TET Subject-wise Magical Series Based on the Latest Pattern/ aChennaibMcGraw Hill Education Private Limitedc2017 a444/1, Sri Ekambara Naicker Industrial Estate, Alapakkam, PorurbChennaie600116 a320pc23cm(pbk) aPandey, Deepak aPrakash, Om